| 000 | 00338 a2200133 4500 | ||
|---|---|---|---|
| 003 | Nust | ||
| 005 | 20170207155608.0 | ||
| 040 | _cNust | ||
| 082 | _a799 | ||
| 245 | _aBrig Irshad GHQ (Photograph 2013 Softcopy) | ||
| 260 |
_aRawalpindi _bMCS _c01-08-2013 |
||
| 650 | _aBrig Irshad GHQ Photograph 2013 (CD-No-23,Vol-III) | ||
| 651 | _aSweet Memories-MCS | ||
| 942 | _cBK | ||
| 999 |
_c201919 _d201919 |
||